| 000 | 00585nam a2200157 a 4500 | ||
|---|---|---|---|
| 001 | 000038275 | ||
| 005 | 20201002031220.0 | ||
| 008 | 130408s2003 ck 000 0 spa d | ||
| 020 | _a9580471207 | ||
| 040 |
_aDO-SdBNP _bspa _cBNPHU |
||
| 100 | 1 |
_aBohan, William F. _964645 |
|
| 245 | 1 | 3 |
_aEl poder oculto de la productividad : _bcómo mejorar la productividad en un 30% sin tener que despedir a nadie! / _cWilliam F. Bohan ; traducción Ángela García. |
| 260 |
_aBogotá, Colombia : _bGrupo Norma, _c2003. |
||
| 300 |
_a213 p. : _bil. ; _c22 cm. |
||
| 700 | 1 |
_aGarcía, Ángela _etr. _964646 |
|
| 999 |
_c37765 _d37765 |
||